Emily Brontë

সংরক্ষণ করুন:
গ্রন্থ-পঞ্জীর বিবরন
প্রধান লেখক: Eaubonne, Francoise de (Author)
বিন্যাস: গ্রন্থ
ভাষা:ফরাসি
প্রকাশিত: París Pierre Seghers 1964
মালা:Poetes d'aujourd'hui, 120
বিষয়গুলি:
ট্যাগগুলো: ট্যাগ যুক্ত করুন
কোনো ট্যাগ নেই, প্রথমজন হিসাবে ট্যাগ করুন!

MARC

LEADER 00000nam a2200000 a 4500
001 UCY4454
003 CL-VaPUC
008 950313e19640000FR |||||||||||||||||fre|d
082 0 4 |a 821.09  |b EAU  |2 21 
100 0 |a Eaubonne, Francoise de  |e author  |9 332915 
245 1 0 |a Emily Brontë 
300 |a 185 p 
942 |c BK 
945 |d 19950313 00:00:00  |a mfernand 
260 |a París  |b Pierre Seghers  |c 1964 
600 0 7 |a BRONTE, EMILY  |2 CL-VaPUC  |9 332916 
650 0 |a Crítica e interpretación   |9 255042 
583 |a last modification  |c 19950313 00:00:00  |k Rodrigo Vera 
490 0 |a Poetes d'aujourd'hui, 120 
999 |c 232313  |d 232311 
952 |0 0  |1 0  |4 0  |6 821_090000000000000_EAU_1964  |7 0  |8 P  |9 236466  |a BIBART  |b BIBART  |d 2019-11-15  |i 3063100  |o 821.09 EAU 1964  |p 3063100  |r 2025-03-13  |w 2019-11-15  |y BK  |k ART